| 000 | 00579nam a2200229Ia 4500 | ||
|---|---|---|---|
| 003 | OSt | ||
| 005 | 20230515115102.0 | ||
| 008 | 210324s9999||||xx |||||||||||||| ||und|| | ||
| 040 | _cSTCPL | ||
| 041 | _aENG | ||
| 082 |
_a332.4 _bBRI-P |
||
| 100 | _aJohnson, Brian | ||
| 245 | 4 |
_aThe politics of money / _cby Brian Johnson |
|
| 260 |
_aLondon : _bJohn Murray , _c1970. |
||
| 300 |
_a339 p. _bHB |
||
| 650 | _aPolitics of money | ||
| 650 | _aPolitics and gold | ||
| 650 | _aInternational currencies and national politics | ||
| 942 | _cBK | ||
| 942 | _2ddc | ||
| 942 | _2ddc | ||
| 999 |
_c17886 _d17886 |
||